000 00338nam a2200145Ia 4500
100 _aBurstein/ H./ Rollak/ H.C.
650 _aElectrical Engineering
942 _cBK
654 _acircuits
245 _aElements of tape recorder circuits
260 _bTab books
_aUSA
_c1972
082 _a621.389
300 _a223
546 _aENGLISH
999 _c18183
_d18183